[Event "70. Corus Chess 2008 GM-C"]
[Site "Wijk aan Zee NED"]
[Date "2008.01.26"]
[Round "12.1"]
[White "Krush, Irina"]
[Black "Van der Wiel, John"]
[Result "1-0"]
[WhiteElo "2473"]
[BlackElo "2490"]
[PlyCount "71"]
[EventDate "2008.01.12"]
[EventType "tourn"]
[EventRounds "13"]
[EventCountry "NED"]
[EventCategory "10"]
[Source "lmi"]
[SourceDate "2008.01.12"]

1. d4 Nf6 2. c4 e6 3. Nc3 Bb4 4. Qc2 O-O 5. e4 d5 6. e5 Ne4 7. Bd3 c5 8. Nge2
cxd4 9. Nxd4 Nd7 10. Bf4 Ndc5 11. O-O Bxc3 12. bxc3 Nxd3 13. Qxd3 b6 14. cxd5
Qxd5 15. Rfd1 Bb7 16. c4 Qa5 17. f3 Nc5 18. Qe3 Rfc8 19. Nb5 Bc6 20. Nd6 Rc7
21. h4 Nd7 22. Kh2 Qc5 23. Qe1 h5 24. Qg3 Nf8 25. Qg5 Ng6 26. Bg3 Ba4 27. Rd2
Rd7 28. Re1 Rad8 29. Nb7 Qb4 30. Nd6 Qa5 31. Ree2 Bc6 32. Rd4 Ne7 33. Red2 Qa6
34. Qxh5 Nf5 35. Rg4 Qa5 36. Qg5 1-0

[Event "70. Corus Chess 2008 GM-C"]
[Site "Wijk aan Zee NED"]
[Date "2008.01.26"]
[Round "12.2"]
[White "Li, Shilong"]
[Black "Braun, Arik"]
[Result "1/2-1/2"]
[WhiteElo "2502"]
[BlackElo "2536"]
[PlyCount "73"]
[EventDate "2008.01.12"]
[EventType "tourn"]
[EventRounds "13"]
[EventCountry "NED"]
[EventCategory "10"]
[Source "lmi"]
[SourceDate "2008.01.12"]

1. d4 e6 2. Nf3 d5 3. c4 c5 4. cxd5 exd5 5. Nc3 Nc6 6. g3 Nf6 7. Bg2 Be7 8. O-O
O-O 9. Bg5 cxd4 10. Nxd4 h6 11. Bf4 Bg4 12. h3 Be6 13. Nxe6 fxe6 14. e4 d4 15.
e5 dxc3 16. exf6 Bxf6 17. bxc3 Qxd1 18. Rfxd1 Rfd8 19. Rab1 Rxd1+ 20. Rxd1 Rd8
21. Rxd8+ Nxd8 22. Bd2 Kf7 23. Kf1 Nc6 24. Ke2 Ke7 25. Be4 Kd6 26. h4 b6 27. f4
Ne7 28. h5 e5 29. g4 exf4 30. Bxf4+ Be5 31. Bd2 Nd5 32. Kd3 b5 33. Bf3 a5 34.
Be1 Nb6 35. Bf2 Na4 36. Bd4 Nc5+ 37. Bxc5+ 1/2-1/2

[Event "70. Corus Chess 2008 GM-C"]
[Site "Wijk aan Zee NED"]
[Date "2008.01.27"]
[Round "13.2"]
[White "Reinderman, Dimitri"]
[Black "Van der Werf, Mark"]
[Result "1/2-1/2"]
[WhiteElo "2533"]
[BlackElo "2389"]
[PlyCount "47"]
[EventDate "2008.01.12"]
[EventType "tourn"]
[EventRounds "13"]
[EventCountry "NED"]
[EventCategory "10"]
[Source "lmi"]
[SourceDate "2008.01.12"]

1. e4 e5 2. Nf3 Nc6 3. Bb5 a6 4. Ba4 Nf6 5. Qe2 b5 6. Bb3 Be7 7. O-O O-O 8. c3
d5 9. d3 Re8 10. Re1 Bb7 11. Nbd2 Bf8 12. a3 h6 13. Ba2 Qd7 14. exd5 Nxd5 15.
Ne4 Nf4 16. Bxf4 exf4 17. Qd2 Qf5 18. Re2 Ne5 19. Nxe5 Rxe5 20. f3 Re7 21. b4
Bd5 22. Rae1 Bxa2 23. Qxa2 a5 24. Qd2 1/2-1/2

[Event "70. Corus Chess 2008 GM-C"]
[Site "Wijk aan Zee NED"]
[Date "2008.01.27"]
[Round "13.3"]
[White "Grivas, Efstratios"]
[Black "Peng, Zhaoqin"]
[Result "1-0"]
[WhiteElo "2509"]
[BlackElo "2461"]
[PlyCount "81"]
[EventDate "2008.01.12"]
[EventType "tourn"]
[EventRounds "13"]
[EventCountry "NED"]
[EventCategory "10"]
[Source "lmi"]
[SourceDate "2008.01.12"]

1. Nf3 d5 2. e3 c5 3. c4 d4 4. exd4 cxd4 5. g3 Nc6 6. Bg2 g6 7. O-O Bg7 8. Re1
Nf6 9. d3 O-O 10. a3 a5 11. Ne5 Nxe5 12. Rxe5 Nd7 13. Rb5 Qc7 14. Nd2 h6 15.
Rb1 Ra7 16. b4 axb4 17. R5xb4 e5 18. Nb3 Kh7 19. a4 b6 20. Bd2 f5 21. a5 bxa5
22. Rb5 e4 23. Bxa5 Qc6 24. dxe4 fxe4 25. Nd2 Nf6 26. Bb6 Rd7 27. Re5 Qd6 28.
Ra5 Qe6 29. Bc5 Re8 30. Rb6 Qf7 31. Qe2 e3 32. fxe3 dxe3 33. Nf1 Ng4 34. Rb1
Rc7 35. Bd5 Qf5 36. Rb3 Nf2 37. Nxe3 Nh3+ 38. Kg2 Qg5 39. Qf3 Rxc5 40. Rxc5 Qe7
41. Rxc8 1-0

[Event "70. Corus Chess 2008 GM-C"]
[Site "Wijk aan Zee NED"]
[Date "2008.01.27"]
[Round "13.7"]
[White "Van der Wiel, John"]
[Black "Li, Shilong"]
[Result "1-0"]
[WhiteElo "2490"]
[BlackElo "2502"]
[PlyCount "89"]
[EventDate "2008.01.12"]
[EventType "tourn"]
[EventRounds "13"]
[EventCountry "NED"]
[EventCategory "10"]
[Source "lmi"]
[SourceDate "2008.01.12"]

1. e4 c5 2. c3 e6 3. d4 d5 4. exd5 exd5 5. Nf3 Nf6 6. Bg5 a6 7. Be2 Be6 8. Bxf6
Qxf6 9. Qb3 b5 10. dxc5 Bxc5 11. a4 Qf4 12. axb5 Qc1+ 13. Bd1 O-O 14. O-O d4
15. Qc2 Qxc2 16. Bxc2 Bc4 17. Rd1 Bxb5 18. Nxd4 Bd7 19. Nd2 Rc8 20. Ne4 Be7 21.
Ba4 Bg4 22. f3 Bh5 23. Nf5 Bf8 24. Nfd6 Rd8 25. Ne8 Be7 26. Rxd8 Bxd8 27. Rd1
Be7 28. Nc7 Ra7 29. Nd5 Kf8 30. Nxe7 Kxe7 31. Rd5 Bg6 32. Re5+ Kd8 33. Re8+ Kc7
34. Re7+ Kb6 35. Rxa7 Kxa7 36. Nd6 f6 37. Kf2 Kb6 38. Ke3 Nc6 39. Nc8+ Kc7 40.
Bxc6 Kxc8 41. Be4 Bf7 42. Bxh7 g6 43. f4 Kd7 44. h4 Ke6 45. f5+ 1-0